000 00492nam a2200169Ia 4500
005 20250326140954.0
008 250326s9999 xx 000 0 und d
037 _aTextbook
040 _aFMSL
_beng
_cFMSL
041 _aeng
_2eng
084 _aX8(A).44N96t4 N6
_qFMSL
100 _aHINDU
_9743477
245 0 _aHindu: Survey of Indian industry, 1996
_cHINDU
260 _aNew Delhi
_bNew Delhi, Hindu
_c1996
942 _cTB
_hX8(A).44N96t4 N6
999 _c1288101
_d1288101